Атмосферная коррозия металлов в тропиках

Podrobná bibliografie
Hlavní autor: Ву Динь Вуй
Korporace: Институт физической химии, Российская академия наук
Jazyk:ruština
Vydáno: Москва, Наука, 1994
Témata:
Médium: Kniha
KOHA link:https://koha.lib.tpu.ru/cgi-bin/koha/opac-detail.pl?biblionumber=28677

MARC

LEADER 00000nam0a2200000 4500
001 28677
005 20231030202931.0
010 |a 5020018112 
035 |a (RuTPU)RU\TPU\book\28934 
035 |a BOOK00029009 
090 |a 28677 
100 |a 20011209d1994 k y0rusy50 ca 
101 0 |a rus 
102 |a RU 
105 |a аb 001|y 
200 1 |a Атмосферная коррозия металлов в тропиках  |f Ву Динь Вуй; РАН, Ин-т физической химии 
210 |a Москва  |c Наука  |d 1994 
215 |a 239 с.  |c ил., карт 
320 |a Библиогр.: с. 212-236. 
610 1 |a металлургия 
610 1 |a металлы 
610 1 |a коррозия 
610 1 |a тропики 
675 |a 669:620.193  |v 3 
700 1 |a Ву Динь Вуй 
712 0 2 |a Институт физической химии 
712 0 2 |a Российская академия наук 
801 0 |a RU  |b 63413507  |c 20011209  |g PSBO 
801 2 |a RU  |b 63413507  |c 20111119  |g RCR 
942 |c BK